Metodología del diseño industrial : un enfoque desde la ingeniería recurrente
Zapisane w:
| 1. autor: | |
|---|---|
| Kolejni autorzy: | |
| Format: | Książka |
| Język: | Spanish |
| Wydane: |
México : Alfaomega
2003
|
| Hasła przedmiotowe: | |
| Etykiety: |
Dodaj etykietę
Nie ma etykietki, Dołącz pierwszą etykiete!
|
MARC
| LEADER | 00000nam a2200000Ia 4500 | ||
|---|---|---|---|
| 003 | 000423 | ||
| 005 | 20230815103100.0 | ||
| 008 | 140116s2003 mx a 000 ||spa d | ||
| 040 | |c cru CEDI | ||
| 100 | |a Aguayo González, Francisco |9 19584 | ||
| 245 | |a Metodología del diseño industrial : un enfoque desde la ingeniería recurrente | ||
| 260 | |a México : Alfaomega |c 2003 | ||
| 300 | |c 631 páginas ;ilustraciones | ||
| 650 | |x DISEÑO INDUSTRIAL |x DISEÑO DE PRODUCTOS - PLANIFICACION |x INGENIERIA INDUSTRIAL |9 19586 | ||
| 700 | |9 19585 |a Soltero Sánchez, Víctor M | ||
| 942 | |2 ddc |c CEDI |h 658.57 A282m |6 658_570000000000000_A282M | ||
| 999 | |c 13302 |d 13302 | ||
